000 00802nam a2200265Ia 4500
001 Para_3908
003 CHAP
008 220125s1916 xx 000 0 und d
010 _a201847
040 _cCHAP
090 _aPA FOLLETO 1303
100 _aGarman, H
_946905
245 _aThe locust borer (Cyllene robiniae) and other insect enemies of the black locust /
_c H. Garman
260 _aLexington, Kentucky :
_b Agricultural Experiment Station
300 _ap. 100-135
440 _aKentucky. Agric. Exp. Sta. Bull; 200
_9166796
650 _aCyllene robiniae Robinia pseudoacacia
_9166797
901 _aPA FOLLETO 1303
902 _aA
905 _a0000001916 LEX 0000000000 00
910 _a1916
942 _cPARA
942 _cPARA
_d1
999 _c201847
_d201847